000
00281nam a2200109Ia 4500
005
20251222143230.0
008
251222s9999||||xx |||||||||||||| ||spa||
082
_a
282/S18
245
0
_a
Iglesia y Comunicación Social en la Nueva Evangelización
264
_b
CONAMCOS
942
_c
LIB
999
_c
14167
_d
14167